Culture Générale - Série 699 - Statistiques

Statistiques générales
  • Ce quiz a été pris 177 fois
  • Le résultat moyen est 7 sur 10
Statistiques - réponses
Question Réponse % Correct
A quel pays appartient l'île de Majorque ? Espagne
99%
En poésie, combien de pieds compte un alexandrin ? 12
97%
Quel ancien joueur de l'Olympique de Marseille est surnommé JPP ? Jean-Pierre Papin
93%
Quel métier ont en commun Mario et Luigi, les personnages de jeux vidéo ? plombier
90%
Dans le film "Hôtel du nord", quelle actrice lance à Louis Jouvet : "Atmosphère, atmosphère, est-ce que j'ai une gueule d'atmosphère ?!" ? Arletty
69%
Selon le titre du tube de Caroline Loeb en 1986, "de toutes les matières", quelle est sa préférée ? La ouate
66%
Compléter le titre du roman d'Emile Zola "Le ventre de ... Paris
55%
Quel est le nom français des îles Falkland ? Les îles Malouines
50%
En quelle année l'École nationale d'administration a-t-elle été créée ? 1945
48%
Dans quelle ville d'Andalousie Pablo Picasso est-il né ? Málaga
39%
Aucun quiz correspondant
Distribution des résultats
% des personnes avec chaque résultat
Percentile par nombre de réponses
Votre historique - résultats
Vous n’avez pas pris ce quiz